Kontrola správnosti vecnej stránky účtovníctva v roku 2015
Každá účtovná jednotka je povinná zostavovať účtovnú závierku, ktorá má poskytovať verný a pravdivý obraz o jej majetkovej a finančnej situácii ku dňu, ku ktorému sa zostavuje ÚZ. Týmto dňom je posledný deň účtovného obdobia alebo iný deň v priebehu účtovného obdobia, ak si to vyžaduje osobitný pre...
Saved in:
| Main Author: | |
|---|---|
| Format: | Book Chapter |
| Language: | Slovak |
| Subjects: | |
| Tags: |
No Tags, Be the first to tag this record!
|
MARC
| LEADER | 00000naa a2200000 4500 | ||
|---|---|---|---|
| 001 | 0210363 | ||
| 005 | 20240502073513.1 | ||
| 041 | 0 | |a slo | |
| 044 | |a SK | ||
| 245 | 1 | 0 | |a Kontrola správnosti vecnej stránky účtovníctva v roku 2015 |c Renáta Pakšiová |
| 520 | |a Každá účtovná jednotka je povinná zostavovať účtovnú závierku, ktorá má poskytovať verný a pravdivý obraz o jej majetkovej a finančnej situácii ku dňu, ku ktorému sa zostavuje ÚZ. Týmto dňom je posledný deň účtovného obdobia alebo iný deň v priebehu účtovného obdobia, ak si to vyžaduje osobitný predpis. Vzhľadom na to, že väčšina ÚJ pred účtovným obdobím hospodársky rok uprednostňuje účtovné obdobie kalendárny rok, tak koncom roka 2015 sa im blíži aj povinnosť zistiť všetky skutočnosti potrebné na zabezpečenie zobrazenia verného a pravdivého ekonomického a finančného obrazu ÚJ ÚZ zostavenou k 31. 12. 2015. | ||
| 610 | 2 | 0 | |a účtovníctvo podvojné |
| 610 | 2 | 0 | |a závierka účtovná |
| 610 | 2 | 0 | |a jednotka účtovná |
| 610 | 2 | 0 | |a obdobie účtovné |
| 610 | 2 | 0 | |a kontrola |
| 100 | 1 | |a Pakšiová, Renáta, 1974- | |